Every YonKaGor Song by One Line - Statistics

General Stats
  • This quiz has been taken 135 times
  • The average score is 17 of 19
Answer Stats
Hint Answer % Correct
"Once I forecasted that some day I'd be replaced." Linger in the Rain
98%
"My name and fame is all he needs." You'll Be Gone
97%
"The lipstick on my face has bled into my skin." Circus Hop
96%
"It forced a reinstall, remember to forget them all." Memory Merge
96%
"'Cause I have been on DND, our message count is <3" You're Just Like Pop Music
96%
"I was feeling kind of reckless in the nights I couldn't sleep." It's Normal
94%
"It's time again to try up therapy, even if last time didn't help" Top 10 Things to do Before You Die
94%
"Why won't you go? It won't matter anyways." Another Mistake
93%
"These petty papercuts, don't turn them to a flood." Paper Alibis
93%
"Don't make mistakes (It's all first takes)" Trash Talkin'
90%
"Somehow, our childhood ended then." Dandelion
89%
"Thoughts about you made me stop all the things I loved to do." Fallacy
89%
"You're still awaiting a ringtone on your phone." Silly Plans
89%
"Coincidentally, our faces met again." You Made Me Fall In Love
89%
"Keep me off your track. I don't need you back." I Forgot That You Exist
88%
"It feels immoral, that I celebrate alone." Bitter and Blunt
86%
"Pretend as if we blend as one, but love us differently." Waterland
86%
"And although I've lost courage when the winds lead me astray." Mr. Sunfish
83%
"My voice can be heard, but there's no way to scream." Artificial Abandonment
65%
No matching quizzes found
Score Distribution
Percent of People with Each Score
Percentile by Number Answered
Your Score History
You have not taken this quiz